[Event "RUS-chT blitz"]
[Site "Sochi"]
[Date "2015.05.10"]
[Round "10.12"]
[White "Dubov, Daniil"]
[Black "Mikhel, Vladislav"]
[Result "1-0"]
[WhiteElo "2659"]
[BlackElo "2347"]
[PlyCount "77"]
[EventDate "2015.05.10"]
[EventType "team-swiss (blitz)"]
[EventRounds "11"]
[EventCountry "RUS"]
[SourceTitle "CBM 166 Extra"]
[Source "ChessBase"]
[SourceDate "2015.06.18"]
[SourceVersion "1"]
[SourceVersionDate "2015.06.18"]
[SourceQuality "1"]
[WhiteTeam "Moscow Our Heritage"]
[BlackTeam "Krasnoyarsk 56 parallel"]
[WhiteTeamCountry "RUS"]
[BlackTeamCountry "RUS"]

1. d4 d5 2. c4 e6 3. Nc3 Nf6 4. cxd5 exd5 5. Bg5 Nbd7 6. e3 Be7 7. Bd3 0-0 8. Nge2 Re8 9. 0-0 Nf8 10. b4 c6 11. b5 Bg4 12. bxc6 bxc6 13. Qa4 Qd7 14. h3 Bxe2 15. Nxe2 Ne6 16. Bh4 Ne4 17. Bxe7 Rxe7 18. Rfc1 Rc8 19. Rab1 N6g5 20. Ba6 Rc7 21. Nf4 h6 22. Rb8+ Kh7 23. Bd3 g6 24. Rb2 Ne6 25. Ne2 Ng7 26. Rbc2 Re6 27. Nf4 Rf6 28. Qa5 c5 29. Nxd5 Qxd5 30. Qxc7 cxd4 31. exd4 Qxd4 32. Bxe4 Qxe4 33. Qxa7 Ne6 34. Qe3 Qd5 35. Rd2 Qb5 36. Qc3 Rf5 37. Rb2 Qa4 38. Rb8 Rc5 39. Qh8# 1-0

[Event "RUS-chT blitz"]
[Site "Sochi"]
[Date "2015.05.10"]
[Round "1.36"]
[White "Mikhel, Vladislav"]
[Black "Romanenkov, Aleksandr"]
[Result "1-0"]
[WhiteElo "2347"]
[BlackElo "2105"]
[PlyCount "52"]
[EventDate "2015.05.10"]
[EventType "team-swiss (blitz)"]
[EventRounds "11"]
[EventCountry "RUS"]
[SourceTitle "CBM 166 Extra"]
[Source "ChessBase"]
[SourceDate "2015.06.18"]
[SourceVersion "1"]
[SourceVersionDate "2015.06.18"]
[SourceQuality "1"]
[WhiteTeam "Krasnoyarsk 56 parallel"]
[BlackTeam "Smolensk Region VOS"]
[WhiteTeamCountry "RUS"]
[BlackTeamCountry "RUS"]

1. e4 c5 2. Nf3 e6 3. d4 cxd4 4. Nxd4 Nf6 5. Bd3 e5 6. Nf3 Nc6 7. Bg5 Be7 8. Nc3 0-0 9. 0-0 d6 10. Bxf6 Bxf6 11. Nd5 Be6 12. c3 Bxd5 13. exd5 Ne7 14. Qb3 b6 15. Nd2 Bg5 16. Ne4 Bh6 17. f3 f5 18. Nf2 Qc7 19. Rfe1 Kh8 20. Re2 Qc5 21. c4 Be3 22. Rae1 Bd4 23. Qa3 Ng6 24. Qxc5 bxc5 25. g3 Rab8 26. b3 a5 1-0

[Event "RUS-chT blitz"]
[Site "Sochi"]
[Date "2015.05.10"]
[Round "7.4"]
[White "Mikhel, Vladislav"]
[Black "Tregubov, Pavel V"]
[Result "0-1"]
[WhiteElo "2347"]
[BlackElo "2571"]
[PlyCount "120"]
[EventDate "2015.05.10"]
[EventType "team-swiss (blitz)"]
[EventRounds "11"]
[EventCountry "RUS"]
[SourceTitle "CBM 166 Extra"]
[Source "ChessBase"]
[SourceDate "2015.06.18"]
[SourceVersion "1"]
[SourceVersionDate "2015.06.18"]
[SourceQuality "1"]
[WhiteTeam "Krasnoyarsk 56 parallel"]
[BlackTeam "Belorechensk Univ"]
[WhiteTeamCountry "RUS"]
[BlackTeamCountry "RUS"]

1. e4 c5 2. Nf3 e6 3. d4 cxd4 4. Nxd4 Nc6 5. Nc3 Nf6 6. g3 d5 7. Nxc6 bxc6 8. Bg2 Ba6 9. Bf4 Qb6 10. Ne2 Nxe4 11. 0-0 Bc5 12. Bxe4 dxe4 13. b3 Rd8 14. Qe1 0-0 15. c4 e3 16. fxe3 Bxe3+ 17. Bxe3 Qxe3+ 18. Qf2 Qxf2+ 19. Kxf2 Rd2 20. Rfd1 Rfd8 21. Rxd2 Rxd2 22. Ke3 Rd7 23. Nc3 f6 24. Ne4 Bc8 25. Nc5 Rd8 26. a4 Kf7 27. a5 Ke7 28. a6 Kd6 29. Nb7+ Bxb7 30. axb7 Rb8 31. Rxa7 Kc7 32. Kd4 Rxb7 33. Ra8 Kd6 34. Rh8 c5+ 35. Kc3 g5 36. Rd8+ Rd7 37. Rc8 f5 38. b4 cxb4+ 39. Kxb4 Rb7+ 40. Kc3 Rc7 41. Rg8 g4 42. Ra8 Ke5 43. Ra5+ Ke4 44. c5 Kd5 45. Kb4 Rb7+ 46. Kc3 Rb1 47. Ra7 h5 48. Rh7 Kxc5 49. Rxh5 Kd5 50. h3 Rg1 51. hxg4 Rxg3+ 52. Kd2 Rxg4 53. Ke3 Ra4 54. Rh8 Ke5 55. Rb8 Ra3+ 56. Kf2 Kf4 57. Rb4+ Kg5 58. Rb8 e5 59. Rb4 e4 60. Rb8 Kf4 0-1

[Event "RUS-chT blitz"]
[Site "Sochi"]
[Date "2015.05.10"]
[Round "2.16"]
[White "Rashkovsky, Nukhim N"]
[Black "Mikhel, Vladislav"]
[Result "0-1"]
[WhiteElo "2515"]
[BlackElo "2347"]
[PlyCount "126"]
[EventDate "2015.05.10"]
[EventType "team-swiss (blitz)"]
[EventRounds "11"]
[EventCountry "RUS"]
[SourceTitle "CBM 166 Extra"]
[Source "ChessBase"]
[SourceDate "2015.06.18"]
[SourceVersion "1"]
[SourceVersionDate "2015.06.18"]
[SourceQuality "1"]
[WhiteTeam "Sverdlovsk Region Malakhit"]
[BlackTeam "Krasnoyarsk 56 parallel"]
[WhiteTeamCountry "RUS"]
[BlackTeamCountry "RUS"]

1. d4 d5 2. Nf3 Nf6 3. c4 e6 4. g3 c6 5. Qc2 Bd6 6. Bg2 0-0 7. Nc3 b6 8. 0-0 Bb7 9. Rd1 Nbd7 10. e4 dxe4 11. Nxe4 Nxe4 12. Qxe4 Qc7 13. h4 c5 14. Qc2 cxd4 15. Nxd4 Bxg2 16. Kxg2 Ne5 17. b3 Bc5 18. f3 Rad8 19. Bb2 Qb7 20. Qe2 Ng4 21. Kh3 Nf6 22. Nb5 a6 23. Bxf6 gxf6 24. Nc3 f5 25. Rd3 Rxd3 26. Qxd3 Qc7 27. Rd1 Qe5 28. Ne2 Be7 29. Nf4 Rd8 30. Qe2 Qxe2 31. Rxd8+ Bxd8 32. Nxe2 Bf6 33. f4 Kf8 34. Kg2 Ke7 35. Kf3 Kd6 36. Ke3 Kc5 37. a3 Bb2 38. Kd3 Bxa3 39. Nd4 Bb2 40. Nf3 Bf6 41. h5 h6 42. Nh2 Kb4 43. Kc2 Bd4 44. g4 Be3 45. gxf5 Bxf4 46. Nf3 e5 47. f6 e4 48. Nh4 Kc5 49. Nf5 a5 50. Kc3 Be5+ 51. Kc2 Bf4 52. Kc3 Bg5 53. Kc2 e3 54. Kd3 Kb4 55. Nd6 Bxf6 56. Nxf7 Kxb3 57. Nxh6 a4 58. Ng4 Bg5 59. h6 Bxh6 60. Nxh6 a3 61. Nf5 a2 62. Nd4+ Kb2 63. Nc2 e2 0-1

[Event "RUS-chT blitz"]
[Site "Sochi"]
[Date "2015.05.10"]
[Round "8.24"]
[White "Vokarev, Sergey"]
[Black "Mikhel, Vladislav"]
[Result "1-0"]
[WhiteElo "2456"]
[BlackElo "2347"]
[PlyCount "77"]
[EventDate "2015.05.10"]
[EventType "team-swiss (blitz)"]
[EventRounds "11"]
[EventCountry "RUS"]
[SourceTitle "CBM 166 Extra"]
[Source "ChessBase"]
[SourceDate "2015.06.18"]
[SourceVersion "1"]
[SourceVersionDate "2015.06.18"]
[SourceQuality "1"]
[WhiteTeam "Nizhny Tagil Politekhnik"]
[BlackTeam "Krasnoyarsk 56 parallel"]
[WhiteTeamCountry "RUS"]
[BlackTeamCountry "RUS"]

1. e4 c5 2. Nf3 d6 3. d4 cxd4 4. Qxd4 Nc6 5. Bb5 Bd7 6. Qd3 Nf6 7. h3 g6 8. 0-0 Bg7 9. c4 0-0 10. Nc3 Rc8 11. Be3 a6 12. Bxc6 Bxc6 13. Nd4 Bd7 14. Rac1 Qa5 15. b3 b5 16. cxb5 axb5 17. Ndxb5 Nxe4 18. Qxe4 Bxb5 19. Nxb5 Qxb5 20. Qxe7 d5 21. Rcd1 Rfe8 22. Qh4 Rc2 23. Rd2 Rxd2 24. Bxd2 d4 25. Re1 Ra8 26. Qe4 Qb8 27. a4 h5 28. Qd3 Qb7 29. a5 Rd8 30. b4 Bf8 31. b5 Rd5 32. Rb1 Qe7 33. b6 Qe5 34. b7 Bd6 35. g3 Bb8 36. Bf4 Qe8 37. Bxb8 Qxb8 38. a6 Ra5 39. Rc1 1-0

[Event "RUS-chT rapid"]
[Site "Sochi"]
[Date "2015.05.08"]
[Round "4.32"]
[White "Savitskiy, Sergey"]
[Black "Mikhel, Vladislav"]
[Result "1-0"]
[WhiteElo "2330"]
[BlackElo "2347"]
[PlyCount "88"]
[EventDate "2015.05.08"]
[EventType "team-swiss"]
[EventRounds "9"]
[EventCountry "RUS"]
[SourceTitle "CBM 166 Extra"]
[Source "ChessBase"]
[SourceDate "2015.06.18"]
[SourceVersion "1"]
[SourceVersionDate "2015.06.18"]
[SourceQuality "1"]
[WhiteTeam "Yamal YaNAO"]
[BlackTeam "Krasnoyarsk 56 parallel"]
[WhiteTeamCountry "RUS"]
[BlackTeamCountry "RUS"]

1. e4 c5 2. Nf3 d6 3. d4 cxd4 4. Qxd4 Nc6 5. Bb5 Bd7 6. Bxc6 Bxc6 7. Nc3 e6 8. Bg5 Nf6 9. 0-0-0 Be7 10. Qd3 0-0 11. Nd4 Rc8 12. Kb1 a6 13. f4 Bd7 14. h4 b5 15. Bxf6 gxf6 16. f5 Re8 17. g4 b4 18. Nce2 e5 19. Nf3 Bb5 20. Qe3 Qc7 21. Rd2 Qc5 22. Qxc5 dxc5 23. Ng3 Red8 24. Rhd1 h6 25. b3 Kf8 26. a4 Bc6 27. Rxd8+ Rxd8 28. Rxd8+ Bxd8 29. Nd2 Ke7 30. Kc1 Bb7 31. Nc4 Bc7 32. Kd2 Bc6 33. Kd3 Bb7 34. Nf1 Bd8 35. Nfe3 a5 36. Nd5+ Kd7 37. g5 fxg5 38. Nxe5+ Ke8 39. hxg5 Ba6+ 40. Ke3 Bxg5+ 41. Kf3 Bd8 42. Nc4 Kf8 43. Kg4 Kg7 44. e5 Bb7 1-0

[Event "RUS-ch sf"]
[Site "Novosibirsk"]
[Date "2002.??.??"]
[Round "1"]
[White "Mikhel, Vladislav"]
[Black "Chuprov, Dmitry"]
[Result "0-1"]
[WhiteElo "2284"]
[BlackElo "2494"]
[PlyCount "70"]
[EventDate "2002.??.??"]
[EventType "swiss"]
[EventRounds "9"]
[EventCountry "RUS"]
[SourceTitle "EXT 2007"]
[Source "ChessBase"]
[SourceDate "2006.11.23"]
[SourceVersion "1"]
[SourceVersionDate "2006.11.23"]
[SourceQuality "1"]

1. e4 d6 2. d4 Nf6 3. Nc3 c6 4. a4 d5 5. e5 Ng8 6. Bd3 c5 7. dxc5 Nc6 8. Bf4 a6 9. Qf3 e6 10. Qg3 Nge7 11. Nf3 Ng6 12. 0-0 Bxc5 13. h4 0-0 14. Bg5 Qc7 15. Rae1 f6 16. Bxg6 fxg5 17. Bd3 gxh4 18. Qxh4 g6 19. Ng5 Qg7 20. Kh1 h6 21. Nf3 Bd7 22. Qg3 g5 23. Nh2 h5 24. f4 Rxf4 25. Rxf4 gxf4 26. Qxg7+ Kxg7 27. Ne2 Be3 28. Nf3 h4 29. c3 Rh8 30. Kh2 Rh5 31. Rf1 Nxe5 32. Nxe5 Rxe5 33. Nxf4 Bxa4 34. Ng6 Rh5 35. Re1 Bc5 0-1

[Event "RUS-ch U18"]
[Site "Rybinsk"]
[Date "2001.??.??"]
[Round "9"]
[White "Kurnosov, Igor"]
[Black "Mikhel, Vladislav"]
[Result "0-1"]
[WhiteElo "2375"]
[BlackElo "2259"]
[PlyCount "94"]
[EventDate "2001.02.??"]
[EventType "swiss"]
[EventRounds "10"]
[EventCountry "RUS"]
[SourceTitle "EXT 2002"]
[Source "ChessBase"]
[SourceDate "2001.11.25"]
[SourceVersion "1"]
[SourceVersionDate "2001.11.25"]
[SourceQuality "1"]

1. e4 e5 2. Nf3 d6 3. d4 exd4 4. Nxd4 g6 5. Nc3 Bg7 6. Be2 Nc6 7. Be3 Nf6 8. 0-0 0-0 9. Nxc6 bxc6 10. f4 Re8 11. Bf3 Bb7 12. Bf2 a5 13. Re1 Nd7 14. Qd2 c5 15. Rad1 Nb6 16. b3 a4 17. Nb5 axb3 18. cxb3 Qb8 19. h4 Bc6 20. Nc3 h5 21. Re3 Qa7 22. Rde1 Qa5 23. Qc2 c4 24. e5 Bxf3 25. Rxf3 dxe5 26. f5 cxb3 27. Qxb3 gxf5 28. Rxf5 Re6 29. Ne4 Nd5 30. Ng5 Rf6 31. Rfxe5 Rxf2 32. Re8+ Bf8 33. Kxf2 Qc5+ 34. Kf1 Ra3 35. Qb1 Nf6 36. R8e5 Qc4+ 37. R1e2 Rc3 38. Qf5 Rc1+ 39. Kf2 Qxh4+ 40. Ke3 Qg3+ 41. Nf3 Ng4+ 42. Kd3 Nxe5+ 43. Rxe5 Qxg2 44. Qg5+ Qxg5 45. Rxg5+ Kh7 46. Rxh5+ Kg6 47. Ra5 c5 0-1

[Event "RUS-ch U18"]
[Site "Rybinsk"]
[Date "2001.??.??"]
[Round "1"]
[White "Vitik, Vjacheslav"]
[Black "Mikhel, Vladislav"]
[Result "1/2-1/2"]
[WhiteElo "2181"]
[BlackElo "2259"]
[PlyCount "101"]
[EventDate "2001.02.??"]
[EventType "swiss"]
[EventRounds "10"]
[EventCountry "RUS"]
[SourceTitle "EXT 2002"]
[Source "ChessBase"]
[SourceDate "2001.11.25"]
[SourceVersion "1"]
[SourceVersionDate "2001.11.25"]
[SourceQuality "1"]

1. d4 f5 2. e4 fxe4 3. Nc3 Nf6 4. Bg5 Nc6 5. f3 e5 6. d5 Nd4 7. Nxe4 Be7 8. Bxf6 Bxf6 9. c3 Nf5 10. Qd2 Nd6 11. Bd3 Nxe4 12. Bxe4 d6 13. Ne2 Bd7 14. Qd3 g6 15. 0-0-0 Qe7 16. g3 0-0-0 17. Kb1 Kb8 18. h4 Rdf8 19. h5 gxh5 20. Rxh5 h6 21. Bf5 Bg5 22. Bxd7 Qxd7 23. g4 Qa4 24. Ng3 Rf4 25. Ne4 Rhf8 26. Rh3 a6 27. b3 Qe8 28. Qe2 Qg6 29. Kb2 Qf7 30. Rd3 Qd7 31. c4 Ka8 32. a3 Qe8 33. Rc3 Qb8 34. b4 Qe8 35. Qc2 Qf7 36. Qd3 Qd7 37. c5 Qa4 38. Qc2 Qb5 39. cxd6 cxd6 40. Nxd6 Qxd5 41. Ne4 Qd4 42. Ka2 Rxe4 43. Rc8+ Ka7 44. Rxf8 Qd5+ 45. Kb2 Rc4 46. Qf2+ b6 47. f4 exf4 48. Rc3 Rxc3 49. Kxc3 Qc6+ 50. Kb3 Qd5+ 51. Kc3 1/2-1/2